| 000 | 00626nam a22001697a 4500 | ||
|---|---|---|---|
| 003 | OSt | ||
| 008 | 250903b |||||||| |||| 00| 0 eng d | ||
| 041 | _amal | ||
| 082 |
_a520 _bALI/MA |
||
| 100 |
_aAliyattukudi, A. J. Kurian _97825 |
||
| 245 |
_aManushyante bahirakasayathrayum bahirakasathile vasagrihangalum / _bമനുഷ്യന്റെ ബഹിരാകാശയാത്രയും ബഹിരാകാശത്തിലെ വാസഗൃഹങ്ങളും |
||
| 250 | _a2nd ed. | ||
| 260 |
_aThiruvananthapuram : _bChintha Publishers, _c2024. |
||
| 300 | _a168 p. | ||
| 650 |
_aScience _97823 |
||
| 942 | _cBK | ||
| 999 |
_c19509 _d19509 |
||